00569nam a2200157 a 4500001001000000005001700010008004100027041000800068044000700076050002200083245023300105260002900338300001900367500000900386650001600395BRCA_585920190320205236.0160311s1927----be-#######---#000-0#eng-# aeng abe 4aSB409b.S35c192710aSander´s orchid guidebcontaining all the best know species, varieties, and natural hybrids of orchids in cultivation; their native countries, descriptions, seasons of flowering, bes methods of cultivation, temperatures, and... aBélgicabSandersc1927 a451 p.c27 cm. aH11114aOrquídeas